MARC

Tag First Indicator Second Indicator Subfields
LEADER 00000cam a2200000Ia 4500
001 in00002208564
005 20151104125311.0
008 061222s2006 be a b 101 0 eng d
020 |a 9066056398 
020 |a 9789066056398 
035 |a (OCoLC)ocm77270343 
040 |a LHL  |c LHL  |d TXA  |d UtOrBLW 
049 |a TXAM 
090 |a SB357.28  |b .I59 2005 
111 2 |a International Symposium on Mineral Nutrition of Fruit Plants  |n (5th :  |d 2005 :  |c Talca, Chile) 
245 1 0 |a Proceedings of the Vth International Symposium on Mineral Nutrition of Fruit Plants :  |b Talca, Chile, January 16-21, 2005 /  |c convener, J.B. Retamales ; Chilean Society for Fruit Science, ISHS Section Pome and Stone Fruits Working Group on Mineral Nutrition of Fruit Crops. 
246 1 8 |a Fifth International Symposium on Mineral Nutrition of Fruit Plants 
246 3 |a Mineral nutrition of fruit crops 
246 3 |a Proceedings of the 5th International Symposium on Mineral Nutrition of Fruit Plants 
246 3 |a Proceedings of the fifth International Symposium on Mineral Nutrition of Fruit Plants 
246 3 |a 5th International Symposium on Mineral Nutrition of Fruit Plants 
264 1 |a Leuven, Belgium :  |b ISHS, International Society for Horticultural Science,  |c [2006] 
264 4 |c ©2006 
300 |a 344 pages :  |b illustrations ;  |c 24 cm. 
336 |a text  |b txt  |2 rdacontent 
337 |a unmediated  |b n  |2 rdamedia 
338 |a volume  |b nc  |2 rdacarrier 
490 1 |a Acta horticulturae,  |x 0567-7572 ;  |v no. 721 
500 |a "October 2006."--Title page. 
500 |a Previous as : International Symposium on Mineral Nutrition of Decidous Fruit Crops. 
500 |a "ISHS Fruit Section, Working Group on Mineral Nutrition of Deciduous Fruit Crops." 
504 |a Includes bibliographical references and index. 
650 0 |a Fruit  |x Nutrition  |v Congresses. 
650 0 |a Fruit-culture  |v Congresses. 
650 0 |a Orchards  |x Nutrition  |v Congresses. 
650 0 |a Vineyards  |x Nutrition  |v Congresses. 
700 1 |a Retamales, J. B.  |q (Jorge B.) 
710 2 |a Chilean Society for Fruit Science. 
710 2 |a International Society for Horticultural Science.  |b Section Pome and Stone Fruits. 
710 2 |a International Society for Horticultural Science.  |b Working Group on Mineral Nutrition of Deciduous Fruit Crops. 
740 1 |a Mineral nutiotion of decidous fruit crops. 
830 0 |a Acta horticulturae.  |x 0567-7572 ;  |v no. 721. 
948 |a cataloged  |b h  |c 2007/1/22  |d c  |e bwalker  |f 1:46:29 pm 
994 |a C0  |b TXA 
999 |a MARS 
999 f f |s a1fa0691-45da-3147-b07e-aca5b0462c23  |i e25ac287-1fd8-33ab-b541-7c349540415c  |t 0 
952 f f |p ric  |a Texas A&M University  |b Rellis Campus  |c Joint Library Facility  |d Remote Storage  |t 0  |e SB357.28 .I59 2005  |h Library of Congress classification  |i unmediated -- volume  |m A14835643238 
998 f f |a SB357.28 .I59 2005  |t 0  |l Remote Storage